[Event "c14"]
[Site "?"]
[Date "2020.08.25"]
[Round "5.10"]
[White "Matela, Krzysztof"]
[Black "Jendrowiak, Maciej"]
[Result "1/2-1/2"]
[BlackElo "1522"]
[WhiteElo "1706"]
[LiveChessVersion "1.4.8"]

1. e4 {[%clk 0:15:18]} c6 {[%clk 0:15:19]} 2. Nf3 {[%clk 0:15:25]} d5
{[%clk 0:15:28]} 3. Nc3 {[%clk 0:15:35]} e6 {[%clk 0:15:25]} 4. d4
{[%clk 0:15:42]} Bb4 {[%clk 0:15:30]} 5. exd5 {[%clk 0:15:51]} cxd5
{[%clk 0:15:19]} 6. Bd2 {[%clk 0:15:58]} Nc6 {[%clk 0:15:19]} 7. Bd3
{[%clk 0:16:04]} Nf6 {[%clk 0:15:19]} 8. O-O {[%clk 0:16:11]} O-O
{[%clk 0:15:09]} 9. a3 {[%clk 0:16:20]} Ba5 {[%clk 0:15:07]} 10. Bg5
{[%clk 0:16:00]} Bb6 {[%clk 0:14:49]} 11. Re1 {[%clk 0:15:46]} h6
{[%clk 0:14:46]} 12. Bxf6 {[%clk 0:15:52]} Qxf6 {[%clk 0:14:53]} 13. Ne2
{[%clk 0:15:32]} Kh8 {[%clk 0:14:40]} 14. c3 {[%clk 0:15:40]} e5 {[%clk 0:13:49]}
15. dxe5 {[%clk 0:15:43]} Nxe5 {[%clk 0:13:48]} 16. Ned4 {[%clk 0:15:33]} Nxf3+
{[%clk 0:12:13]} 17. Nxf3 {[%clk 0:15:29]} Bg4 {[%clk 0:12:13]} 18. h3
{[%clk 0:15:24]} Bxf3 {[%clk 0:12:03]} 19. Qxf3 {[%clk 0:15:31]} Qxf3
{[%clk 0:10:09]} 20. gxf3 {[%clk 0:15:40]} Bc5 {[%clk 0:08:21]} 21. Re5
{[%clk 0:15:29]} Rad8 {[%clk 0:08:22]} 22. Kg2 {[%clk 0:15:35]} f6
{[%clk 0:07:49]} 23. Re6 {[%clk 0:15:38]} d4 {[%clk 0:07:43]} 24. c4
{[%clk 0:15:27]} a5 {[%clk 0:07:39]} 25. Rb1 {[%clk 0:15:16]} Rfe8
{[%clk 0:06:52]} 26. Rbe1 {[%clk 0:15:13]} Rxe6 {[%clk 0:06:44]} 27. Rxe6
{[%clk 0:15:21]} Kg8 {[%clk 0:06:37]} 28. f4 {[%clk 0:15:03]} Kf7
{[%clk 0:06:43]} 29. Re1 {[%clk 0:14:58]} Rd7 {[%clk 0:06:16]} 30. Rb1
{[%clk 0:14:40]} Bd6 {[%clk 0:05:12]} 31. Kf3 {[%clk 0:14:42]} g5
{[%clk 0:04:46]} 32. f5 {[%clk 0:13:39]} b6 {[%clk 0:04:16]} 33. Be4
{[%clk 0:12:39]} Be5 {[%clk 0:04:09]} 34. Bd5+ {[%clk 0:12:33]} Kg7
{[%clk 0:03:59]} 35. Ke4 {[%clk 0:11:27]} Re7 {[%clk 0:03:52]} 36. Be6
{[%clk 0:11:29]} Rc7 {[%clk 0:03:57]} 37. b3 {[%clk 0:11:16]} b5 {[%clk 0:03:05]}
38. Rc1 {[%clk 0:09:26]} bxc4 {[%clk 0:03:09]} 39. Rxc4 {[%clk 0:09:27]} Rxc4
{[%clk 0:03:02]} 40. Bxc4 {[%clk 0:09:33]} Kf8 {[%clk 0:02:49]} 41. Kd5
{[%clk 0:09:30]} Ke7 {[%clk 0:02:49]} 42. b4 {[%clk 0:08:44]} axb4
{[%clk 0:02:53]} 43. axb4 {[%clk 0:07:12]} Kd7 {[%clk 0:03:02]} 44. Be2
{[%clk 0:07:05]} d3 {[%clk 0:02:21]} 45. Bxd3 {[%clk 0:07:09]} h5
{[%clk 0:02:26]} 46. h4 {[%clk 0:06:47]} gxh4 {[%clk 0:02:32]} 47. Bf1
{[%clk 0:06:55]} Kc7 {[%clk 0:02:31]} 48. Ke6 {[%clk 0:07:00]} Kc6
{[%clk 0:02:31]} 49. Kf7 {[%clk 0:06:26]} Kb6 {[%clk 0:02:27]} 50. Kg6
{[%clk 0:06:31]} Bc3 {[%clk 0:02:32]} 51. b5 {[%clk 0:06:35]} Bd4
{[%clk 0:02:35]} 52. f3 {[%clk 0:06:11]} h3 {[%clk 0:02:32]} 53. Bxh3
{[%clk 0:06:18]} Kxb5 {[%clk 0:02:38]} 54. Kxh5 {[%clk 0:06:27]} Kc6
{[%clk 0:02:44]} 55. Kg6 {[%clk 0:06:36]} Bc3 {[%clk 0:02:44]} 56. Kf7
{[%clk 0:06:45]} Bb2 {[%clk 0:02:49]} 57. Ke6 {[%clk 0:06:53]} Be5
{[%clk 0:02:44]} 58. Bg2 {[%clk 0:06:59]} Kc5 {[%clk 0:02:48]} 59. Bh3
{[%clk 0:07:06]} Kd4 {[%clk 0:02:55]} 60. f4 {[%clk 0:07:12]} Bxf4
{[%clk 0:02:55]} 61. Kxf6 {[%clk 0:07:21]} Kd5 {[%clk 0:02:49]} 62. Bg2+
{[%clk 0:07:27]} Kd6 {[%clk 0:02:58]} 63. Kg6 {[%clk 0:07:36]} Be5
{[%clk 0:03:07]} 64. Kf7 {[%clk 0:07:45]} Ba1 {[%clk 0:03:11]} 65. Be4
{[%clk 0:07:54]} Bb2 {[%clk 0:03:20]} 66. Kg6 {[%clk 0:07:58]} Bc3
{[%clk 0:03:27]} 67. Bd3 {[%clk 0:08:05]} Bb2 {[%clk 0:03:28]} 68. Bc4
{[%clk 0:08:14]} Bc3 {[%clk 0:03:36]} 69. Bb3 {[%clk 0:08:23]} Bd4
{[%clk 0:03:45]} 70. Be6 {[%clk 0:08:29]} Bc3 {[%clk 0:03:53]} 71. Bg8
{[%clk 0:08:37]} Bb2 {[%clk 0:04:01]} 72. Be6 {[%clk 0:08:45]} Be5
{[%clk 0:04:04]} 73. Bb3 {[%clk 0:08:53]} Ba1 74. Be6 Kxe6 75. f6 Ke7 76. f7
1/2-1/2

[Event "c14"]
[Site "?"]
[Date "2020.08.25"]
[Round "5.11"]
[White "Wnek, Filip"]
[Black "Zdybel, Przemyslaw"]
[Result "0-1"]
[BlackElo "1455"]
[WhiteElo "1673"]
[LiveChessVersion "1.4.8"]

1. e4 {[%clk 0:15:17]} c5 {[%clk 0:15:18]} 2. Nf3 {[%clk 0:15:25]} d6
{[%clk 0:15:25]} 3. d4 {[%clk 0:15:33]} cxd4 {[%clk 0:15:32]} 4. Nxd4
{[%clk 0:15:40]} Nf6 {[%clk 0:15:39]} 5. Nc3 {[%clk 0:15:48]} a6 {[%clk 0:15:46]}
6. h4 {[%clk 0:15:55]} e5 {[%clk 0:15:53]} 7. Nb3 {[%clk 0:16:04]} Be6
{[%clk 0:15:40]} 8. Bg5 {[%clk 0:16:08]} Be7 {[%clk 0:15:38]} 9. Qd2
{[%clk 0:15:33]} Nbd7 {[%clk 0:15:19]} 10. f3 {[%clk 0:15:32]} b5
{[%clk 0:15:09]} 11. O-O-O {[%clk 0:14:25]} b4 {[%clk 0:12:38]} 12. Nd5
{[%clk 0:14:19]} Bxd5 {[%clk 0:12:36]} 13. exd5 {[%clk 0:14:27]} a5
{[%clk 0:12:45]} 14. Kb1 {[%clk 0:14:35]} a4 {[%clk 0:12:08]} 15. Nc1
{[%clk 0:14:42]} Qa5 {[%clk 0:11:18]} 16. g4 {[%clk 0:14:46]} Nc5
{[%clk 0:10:38]} 17. Bxf6 {[%clk 0:13:50]} Bxf6 {[%clk 0:10:42]} 18. g5
{[%clk 0:13:58]} Be7 {[%clk 0:10:51]} 19. Nd3 {[%clk 0:13:24]} Rb8
{[%clk 0:07:44]} 20. Nxc5 {[%clk 0:12:10]} Qxc5 {[%clk 0:07:51]} 21. f4
{[%clk 0:11:14]} b3 {[%clk 0:06:52]} 22. cxb3 {[%clk 0:10:43]} axb3
{[%clk 0:06:58]} 23. a3 {[%clk 0:10:50]} Rc8 {[%clk 0:05:19]} 24. Bh3
{[%clk 0:10:39]} Qc2+ {[%clk 0:05:15]} 25. Ka1 {[%clk 0:10:48]} Rc5
{[%clk 0:05:00]} 26. fxe5 {[%clk 0:10:48]} O-O {[%clk 0:04:59]} 27. Qxc2
{[%clk 0:08:01]} bxc2 {[%clk 0:04:58]} 28. Rc1 {[%clk 0:08:08]} dxe5
{[%clk 0:04:43]} 29. Bg2 {[%clk 0:05:02]} f5 {[%clk 0:04:00]} 30. gxf6
{[%clk 0:04:16]} Rxf6 {[%clk 0:03:23]} 31. Rh2 {[%clk 0:03:43]} Rf4
{[%clk 0:02:34]} 32. Bh3 {[%clk 0:03:11]} g6 {[%clk 0:01:24]} 33. Be6+
{[%clk 0:03:15]} Kg7 {[%clk 0:01:33]} 34. Rhxc2 {[%clk 0:02:47]} Rxc2
{[%clk 0:01:41]} 35. Rxc2 {[%clk 0:02:55]} e4 {[%clk 0:01:30]} 36. Re2
{[%clk 0:02:40]} Kf6 {[%clk 0:01:15]} 37. b4 {[%clk 0:02:27]} Ke5
{[%clk 0:01:21]} 38. Kb2 {[%clk 0:02:34]} Rf3 {[%clk 0:01:16]} 39. Re1
{[%clk 0:01:12]} Bxh4 {[%clk 0:00:54]} 40. Re2 {[%clk 0:01:16]} Be7
{[%clk 0:00:59]} 41. Bg4 {[%clk 0:01:01]} Rg3 {[%clk 0:01:04]} 42. Be6
{[%clk 0:01:09]} h5 {[%clk 0:00:56]} 43. b5 {[%clk 0:00:36]} Bxa3+
{[%clk 0:01:01]} 44. Ka2 {[%clk 0:00:20]} Bc5 {[%clk 0:01:07]} 45. Rc2
{[%clk 0:00:24]} Bd4 {[%clk 0:01:07]} 46. Re2 {[%clk 0:00:21]} Rf3
{[%clk 0:00:53]} 47. Bd7 {[%clk 0:00:16]} e3 {[%clk 0:00:50]} 48. b6
{[%clk 0:00:12]} Bxb6 {[%clk 0:00:58]} 49. Kb2 {[%clk 0:00:14]} Rf2
{[%clk 0:00:46]} 50. Bb5 {[%clk 0:00:22]} Kxd5 {[%clk 0:00:53]} 51. Kc2
{[%clk 0:00:31]} Rxe2+ {[%clk 0:00:46]} 52. Bxe2 {[%clk 0:00:39]} Ke5
{[%clk 0:00:42]} 53. Kd3 {[%clk 0:00:47]} Kf4 {[%clk 0:00:49]} 54. Bf1
{[%clk 0:00:18]} Kf3 {[%clk 0:00:53]} 55. Be2+ {[%clk 0:00:19]} Kf2
{[%clk 0:01:01]} 56. Bd1 {[%clk 0:00:27]} h4 {[%clk 0:01:06]} 57. Bg4
{[%clk 0:00:35]} h3 {[%clk 0:01:13]} 0-1

[Event "c14"]
[Site "?"]
[Date "2020.08.25"]
[Round "5.12"]
[White "Kolodziejski, Piotr"]
[Black "Cieply, Krzysztof"]
[Result "1-0"]
[BlackElo "1667"]
[WhiteElo "1497"]
[LiveChessVersion "1.4.8"]

1. e4 {[%clk 0:15:10]} c5 {[%clk 0:15:10]} 2. Nf3 {[%clk 0:15:17]} Nc6
{[%clk 0:15:18]} 3. d4 cxd4 4. Nxd4 {[%clk 0:15:20]} Nf6 {[%clk 0:15:26]} 5. Nc3
{[%clk 0:15:25]} e5 {[%clk 0:15:35]} 6. Ndb5 {[%clk 0:15:32]} d6 {[%clk 0:15:42]}
7. Bg5 {[%clk 0:15:40]} a6 {[%clk 0:15:51]} 8. Na3 {[%clk 0:15:48]} b5
{[%clk 0:15:59]} 9. Nd5 {[%clk 0:15:57]} Be7 {[%clk 0:16:08]} 10. Bxf6
{[%clk 0:15:54]} Bxf6 {[%clk 0:16:16]} 11. c4 {[%clk 0:16:03]} b4
{[%clk 0:16:21]} 12. Nc2 {[%clk 0:16:10]} a5 {[%clk 0:16:29]} 13. g3
{[%clk 0:16:08]} O-O {[%clk 0:16:36]} 14. Be2 {[%clk 0:16:04]} Bg5
{[%clk 0:16:41]} 15. h4 {[%clk 0:16:13]} Be7 {[%clk 0:16:37]} 16. O-O
{[%clk 0:15:51]} f5 {[%clk 0:16:37]} 17. Nxe7+ {[%clk 0:15:44]} Qxe7
{[%clk 0:16:40]} 18. Qd5+ {[%clk 0:15:37]} Kh8 {[%clk 0:16:30]} 19. Qxc6
{[%clk 0:15:31]} Bb7 {[%clk 0:16:39]} 20. Qb6 {[%clk 0:15:37]} Bxe4
{[%clk 0:16:34]} 21. Rac1 {[%clk 0:15:20]} f4 {[%clk 0:16:42]} 22. Rfd1
{[%clk 0:14:14]} Rfd8 {[%clk 0:16:45]} 23. Ne1 {[%clk 0:12:11]} Rab8
{[%clk 0:15:31]} 24. Qxa5 Qe6 25. Bf3 {[%clk 0:10:40]} Bxf3 {[%clk 0:15:22]} 26.
Nxf3 {[%clk 0:10:48]} fxg3 {[%clk 0:15:30]} 27. Ng5 {[%clk 0:08:35]} gxf2+
{[%clk 0:15:24]} 28. Kf1 {[%clk 0:08:14]} Qf5 {[%clk 0:15:06]} 29. Qd5
{[%clk 0:08:06]} Rf8 {[%clk 0:15:14]} 30. Qe4 {[%clk 0:06:57]} Qxe4
{[%clk 0:14:33]} 31. Nxe4 {[%clk 0:07:06]} Rf4 {[%clk 0:14:41]} 32. Nxf2
{[%clk 0:07:06]} Rbf8 {[%clk 0:14:50]} 33. Rc2 {[%clk 0:07:15]} e4
{[%clk 0:14:55]} 34. Re1 h6 35. Kg2 {[%clk 0:05:49]} Rxh4 {[%clk 0:15:04]} 36.
Nxe4 {[%clk 0:05:36]} Rff4 {[%clk 0:14:26]} 37. Nf2 {[%clk 0:04:56]} Rxc4
{[%clk 0:13:52]} 38. Rxc4 {[%clk 0:04:32]} Rxc4 {[%clk 0:14:01]} 39. Re2
{[%clk 0:04:41]} Kh7 {[%clk 0:14:05]} 40. Nd3 {[%clk 0:04:25]} Rd4
{[%clk 0:14:04]} 41. Rd2 {[%clk 0:04:19]} g5 {[%clk 0:14:00]} 42. Kf3 h5 43. Ke3
{[%clk 0:04:18]} Rh4 {[%clk 0:14:05]} 44. Nf2 {[%clk 0:04:23]} g4
{[%clk 0:14:10]} 45. Kf4 {[%clk 0:04:12]} Rh2 {[%clk 0:14:08]} 46. Kg3
{[%clk 0:04:19]} 1-0

[Event "c14"]
[Site "?"]
[Date "2020.08.25"]
[Round "6.1"]
[White "Klimkowski, Jan"]
[Black "Karolczuk, Iwo"]
[Result "1-0"]
[BlackElo "1951"]
[WhiteElo "1998"]
[LiveChessVersion "1.4.8"]

1. e4 c5 2. Nf3 Nc6 3. d4 cxd4 4. Nxd4 e5 5. Nb5 d6 6. c4 Nf6 7. N5c3 Be7 8. Be2
O-O 9. O-O Be6 10. Be3 a6 11. f3 Rc8 12. Nd5 Nd7 13. Nbc3 Bg5 14. Bf2 f5 15. exf5
Bxf5 16. Bd3 Ne7 17. Nxe7+ Qxe7 18. Bxf5 Rxf5 19. Ne4 Rc6 20. Qd3 Nf8 21. Nxd6
Rf6 22. Ne4 Rg6 23. Nxg5 Qxg5 24. Bg3 h5 25. Qd5+ Rce6 26. Rae1 h4 27. Rxe5 Qf6
28. Rxe6 Nxe6 29. Be5 Qg5 30. f4 Qf5 31. Bd6 Qxd5 32. cxd5 Nd4 33. Be5 Nf5 34.
Re1 Kf7 35. Kf2 Rb6 36. b3 Rb5 37. Rd1 Rc5 38. Rd2 Ke7 39. g4 hxg3+ 40. hxg3 g6
41. g4 Nh6 42. Kf3 Rc1 43. Rh2 Nf7 44. Bb2 Rf1+ 45. Ke3 g5 46. Ba3+ Kf6 47. fxg5+
Kxg5 48. Kd4 b6 49. Rh7 Rd1+ 50. Kc3 Ne5 51. Rb7 Rxd5 52. Rxb6 a5 53. Rd6 Rb5 54.
Rd4 Nxg4 55. Kc4 Rb7 56. Rd5+ Kf6 57. Rxa5 Ke6 58. Ra6+ Kd7 59. Bc5 Kc8 60. b4
Ne5+ 61. Kd5 Nd3 62. Ra8+ Rb8 63. Ra4 Rb7 64. Bd6 Kd7 65. a3 Nb2 66. Ra6 Rb5+ 67.
Bc5 Rb7 68. Kd4 Kc8 69. Kc3 Nd1+ 70. Kc2 Rd7 71. Ra8+ Kc7 72. Ra7+ Kc6 73. Rxd7
Kxd7 74. Kxd1 1-0

[Event "c14"]
[Site "?"]
[Date "2020.08.25"]
[Round "6.2"]
[White "Chyzy, Jakub"]
[Black "Malek, Jan"]
[Result "1/2-1/2"]
[BlackElo "1843"]
[WhiteElo "1930"]
[LiveChessVersion "1.4.8"]

1. e4 d6 2. d4 Nf6 3. Nc3 e5 4. Nge2 Be7 5. f3 c6 6. Be3 b5 7. Qd2 Qc7 8. g4 Nbd7
9. Ng3 Nb6 10. Nd1 h6 11. Nf2 Be6 12. Nf5 Bxf5 13. gxf5 Nfd7 14. f4 f6 15. Rg1
Bf8 16. O-O-O O-O-O 17. Kb1 a6 18. c4 exd4 19. Bxd4 b4 20. c5 dxc5 21. Bxa6+ Kb8
22. Be3 Rg8 23. e5 Ka7 24. Be2 fxe5 25. fxe5 Qxe5 26. Nd3 Qc7 27. Qc2 Nd5 28. Bf2
Qa5 29. Rg6 Kb6 30. Bf3 N5f6 31. b3 Bd6 32. Nb2 Ne5 33. Bg3 Kb7 34. Rxd6 Nxf3 35.
Nc4 Qa6 36. Qg2 Nd4 37. Be5 Rxd6 38. Nxd6+ Ka8 39. Nc4 Nd5 40. Qxd5 cxd5 41.
Rxa6+ Kb7 42. Rb6+ Ka7 43. Bd6 Rc8 44. Bxc5 Rxc5 45. Rd6 dxc4 46. Rxd4 cxb3 47.
f6 bxa2+ 48. Kxa2 gxf6 49. Rxb4 Rh5 50. Kb3 f5 51. Kc3 Rh3+ 52. Kd2 Rxh2+ 53. Ke3
Rh3+ 54. Kf2 Rh5 55. Kf3 Rg5 56. Rb1 Rh5 57. Ke4 1/2-1/2

[Event "c14"]
[Site "?"]
[Date "2020.08.25"]
[Round "6.3"]
[White "Kutowski, Marcel"]
[Black "Paprocki, Antoni"]
[Result "0-1"]
[BlackElo "1843"]
[WhiteElo "1819"]
[LiveChessVersion "1.4.8"]

1. e4 {[%clk 0:15:18]} c5 {[%clk 0:15:20]} 2. Nf3 {[%clk 0:15:26]} d6
{[%clk 0:15:28]} 3. Bb5+ {[%clk 0:15:31]} Bd7 {[%clk 0:15:37]} 4. Bxd7+
{[%clk 0:15:39]} Nxd7 {[%clk 0:15:45]} 5. O-O {[%clk 0:15:42]} Ngf6
{[%clk 0:15:54]} 6. Qe2 {[%clk 0:15:51]} e6 {[%clk 0:16:03]} 7. b3
{[%clk 0:15:56]} Be7 {[%clk 0:15:58]} 8. Bb2 {[%clk 0:16:03]} O-O
{[%clk 0:15:59]} 9. c4 {[%clk 0:16:10]} Qc7 {[%clk 0:15:33]} 10. d4
{[%clk 0:16:06]} cxd4 {[%clk 0:15:41]} 11. Nxd4 {[%clk 0:16:14]} a6
{[%clk 0:15:50]} 12. Nc3 {[%clk 0:16:19]} Rac8 {[%clk 0:15:49]} 13. Rac1
{[%clk 0:15:56]} Qb8 {[%clk 0:15:31]} 14. Kh1 {[%clk 0:14:55]} Rfe8
{[%clk 0:15:37]} 15. f4 {[%clk 0:14:23]} Bf8 {[%clk 0:15:20]} 16. Qf3
{[%clk 0:13:40]} g6 {[%clk 0:13:43]} 17. Rce1 {[%clk 0:12:46]} Bg7
{[%clk 0:13:45]} 18. Nde2 {[%clk 0:11:55]} b5 {[%clk 0:13:34]} 19. cxb5
{[%clk 0:11:14]} axb5 {[%clk 0:13:43]} 20. Ng3 {[%clk 0:10:31]} b4
{[%clk 0:12:21]} 21. Na4 {[%clk 0:10:16]} Nb6 {[%clk 0:11:00]} 22. f5
{[%clk 0:09:02]} Nxa4 {[%clk 0:10:09]} 23. Bxf6 {[%clk 0:09:06]} Rc3
{[%clk 0:07:31]} 24. Bxc3 {[%clk 0:09:01]} Nxc3 {[%clk 0:07:40]} 25. f6
{[%clk 0:06:14]} Bh6 {[%clk 0:07:26]} 26. a4 {[%clk 0:06:23]} Rc8
{[%clk 0:06:49]} 27. Ra1 {[%clk 0:02:06]} d5 {[%clk 0:05:26]} 28. a5
{[%clk 0:01:29]} Qa7 {[%clk 0:05:28]} 29. exd5 {[%clk 0:01:10]} Nxd5
{[%clk 0:05:37]} 30. Ne4 {[%clk 0:01:16]} Ne3 {[%clk 0:05:21]} 31. Rfc1
{[%clk 0:01:10]} Nc2 {[%clk 0:03:30]} 32. Rxc2 {[%clk 0:01:12]} Rxc2
{[%clk 0:03:39]} 33. Qd3 {[%clk 0:00:54]} Qc7 {[%clk 0:01:49]} 34. Rd1
{[%clk 0:00:22]} Rc1 {[%clk 0:01:47]} 35. a6 {[%clk 0:00:31]} Rxd1+
{[%clk 0:01:41]} 36. Qxd1 {[%clk 0:00:40]} Qb6 {[%clk 0:01:30]} 37. Qd3
{[%clk 0:00:29]} Qa5 {[%clk 0:01:26]} 38. h3 {[%clk 0:00:30]} Bf8
{[%clk 0:00:42]} 39. Qc4 {[%clk 0:00:17]} h5 {[%clk 0:00:40]} 40. Qd3
{[%clk 0:00:13]} Qa2 {[%clk 0:00:35]} 41. h4 {[%clk 0:00:17]} Qa3
{[%clk 0:00:32]} 42. Nd6 {[%clk 0:00:21]} Qc1+ {[%clk 0:00:39]} 43. Kh2
{[%clk 0:00:27]} Qc7 {[%clk 0:00:40]} 44. g3 {[%clk 0:00:28]} Bxd6
{[%clk 0:00:44]} 45. a7 {[%clk 0:00:36]} Bxg3+ {[%clk 0:00:49]} 46. Qxg3
{[%clk 0:00:44]} Qxa7 {[%clk 0:00:58]} 47. Qf4 {[%clk 0:00:52]} Kh7
{[%clk 0:01:02]} 48. Kh3 {[%clk 0:00:14]} Qc5 {[%clk 0:01:07]} 49. Kg3
{[%clk 0:00:19]} Qc3+ {[%clk 0:01:07]} 50. Kg2 {[%clk 0:00:25]} Qxb3
{[%clk 0:01:11]} 51. Qd6 {[%clk 0:00:33]} Qb2+ {[%clk 0:01:18]} 0-1

[Event "c14"]
[Site "?"]
[Date "2020.08.25"]
[Round "6.4"]
[White "Fiszer, Bartosz"]
[Black "Kazmierowski, Tymon"]
[Result "1-0"]
[BlackElo "1574"]
[WhiteElo "1890"]
[LiveChessVersion "1.4.8"]

1. e4 {[%clk 0:15:18]} c5 {[%clk 0:15:19]} 2. Nf3 {[%clk 0:15:26]} d6
{[%clk 0:15:26]} 3. d4 {[%clk 0:15:35]} cxd4 {[%clk 0:15:35]} 4. Nxd4
{[%clk 0:15:44]} Nf6 {[%clk 0:15:44]} 5. Nc3 {[%clk 0:15:53]} a6 {[%clk 0:15:52]}
6. h4 {[%clk 0:15:49]} e5 {[%clk 0:15:39]} 7. Nb3 {[%clk 0:15:54]} Be6
{[%clk 0:15:41]} 8. f4 {[%clk 0:15:47]} exf4 {[%clk 0:15:43]} 9. Bxf4
{[%clk 0:15:55]} Nc6 {[%clk 0:15:51]} 10. Qd2 {[%clk 0:15:59]} Be7
{[%clk 0:15:45]} 11. O-O-O {[%clk 0:16:05]} Ne5 {[%clk 0:14:20]} 12. Nd4
{[%clk 0:16:13]} Bg4 {[%clk 0:13:51]} 13. Be2 {[%clk 0:16:16]} Bxe2
{[%clk 0:13:45]} 14. Qxe2 {[%clk 0:16:24]} Qc7 {[%clk 0:12:43]} 15. Nf5
{[%clk 0:15:57]} O-O {[%clk 0:11:09]} 16. Bg5 {[%clk 0:15:14]} Rac8
{[%clk 0:02:46]} 17. Kb1 {[%clk 0:15:22]} Nc4 {[%clk 0:02:29]} 18. Rd3
{[%clk 0:11:40]} Bd8 {[%clk 0:01:24]} 19. b3 {[%clk 0:09:50]} Na3+
{[%clk 0:00:38]} 20. Kb2 {[%clk 0:09:22]} Qa5 {[%clk 0:00:37]} 21. Nxd6
{[%clk 0:08:17]} Rc6 {[%clk 0:00:27]} 22. e5 {[%clk 0:07:44]} Nd7
{[%clk 0:00:19]} 23. Nxb7 {[%clk 0:06:11]} Nc4+ {[%clk 0:00:25]} 24. Ka1
{[%clk 0:06:17]} Qa3 {[%clk 0:00:27]} 25. bxc4 {[%clk 0:06:22]} Rb6
{[%clk 0:00:35]} 26. Rb1 {[%clk 0:05:46]} Rxb1+ {[%clk 0:00:42]} 27. Nxb1
{[%clk 0:05:54]} Qb4 {[%clk 0:00:42]} 28. Rb3 {[%clk 0:05:41]} Qa4
{[%clk 0:00:38]} 29. Nc3 {[%clk 0:05:41]} Qc6 {[%clk 0:00:43]} 30. Nxd8
{[%clk 0:05:48]} 1-0

[Event "c14"]
[Site "?"]
[Date "2020.08.25"]
[Round "6.5"]
[White "Zdybel, Przemyslaw"]
[Black "Janeczko, Jakub"]
[Result "1-0"]
[BlackElo "1661"]
[WhiteElo "1455"]
[LiveChessVersion "1.4.8"]

1. e4 c5 2. Nf3 Nc6 3. d4 cxd4 4. Nxd4 Nf6 5. Nc3 e6 6. Ndb5 Bc5 7. Bf4 O-O 8.
Bd6 Qb6 9. Bxc5 Qxc5 10. Qd6 Qb6 11. Qc7 Qc5 12. Qd6 Qb6 13. O-O-O a6 14. Nd4 Ne8
15. Na4 Qa5 16. Nxc6 bxc6 17. Qd4 d5 18. b3 Nf6 19. Bd3 Nd7 20. exd5 cxd5 21. f4
Bb7 22. Kb1 Bc6 23. Nb2 Qc5 24. c3 a5 25. Bc2 Qa3 26. Rhe1 Rfc8 27. Re3 Nc5 28.
f5 a4 29. b4 Nb3 30. Qg4 exf5 31. Qxf5 g6 32. Qf6 Ra6 33. Re7 Rf8 34. Qe5 Raa8
35. Rc7 Rae8 36. Qf6 Re6 37. Qf3 Ba8 38. Qf2 Na5 39. bxa5 Qd6 40. Qc5 Qe5 41. Rc8
Rxc8 42. Qxc8+ Re8 43. Qc5 Rb8 44. Ka1 Qe2 45. Qc7 Rb5 46. Qc8+ Kg7 47. Rb1 Qxc2
48. Qe8 Rxb2 49. Qe5+ Kg8 50. Rxb2 Qc1+ 51. Rb1 Qc2 52. Rb8# 1-0

[Event "c14"]
[Site "?"]
[Date "2020.08.25"]
[Round "6.6"]
[White "Herwy, Jakub"]
[Black "Wieczorek, Mikolaj"]
[Result "0-1"]
[BlackElo "1550"]
[WhiteElo "1615"]
[LiveChessVersion "1.4.8"]

1. e4 {[%clk 0:15:19]} c5 {[%clk 0:15:19]} 2. d3 {[%clk 0:15:28]} Nc6
{[%clk 0:15:22]} 3. f4 {[%clk 0:15:37]} g6 {[%clk 0:15:23]} 4. Be2
{[%clk 0:15:46]} Bg7 {[%clk 0:15:30]} 5. Nf3 {[%clk 0:15:55]} d6 {[%clk 0:15:36]}
6. O-O {[%clk 0:16:03]} e6 {[%clk 0:15:31]} 7. c3 {[%clk 0:16:11]} Nge7
{[%clk 0:15:33]} 8. a4 {[%clk 0:16:17]} O-O {[%clk 0:15:30]} 9. Be3
{[%clk 0:16:25]} b6 {[%clk 0:15:31]} 10. Na3 {[%clk 0:16:33]} d5 {[%clk 0:15:10]}
11. e5 {[%clk 0:16:40]} d4 {[%clk 0:15:03]} 12. cxd4 {[%clk 0:16:44]} cxd4
{[%clk 0:15:12]} 13. Bf2 {[%clk 0:16:52]} Bb7 {[%clk 0:15:15]} 14. Nb5
{[%clk 0:16:58]} Nf5 {[%clk 0:14:56]} 15. g4 {[%clk 0:16:58]} Ne3
{[%clk 0:14:51]} 16. Bxe3 {[%clk 0:17:05]} dxe3 {[%clk 0:15:00]} 17. Qc1
{[%clk 0:17:09]} Rc8 {[%clk 0:14:47]} 18. Qxe3 {[%clk 0:17:14]} Nb4
{[%clk 0:14:40]} 19. Nd6 {[%clk 0:16:45]} Rb8 {[%clk 0:14:22]} 20. Rfc1
{[%clk 0:16:22]} Nd5 {[%clk 0:14:18]} 21. Qd2 {[%clk 0:16:29]} f6
{[%clk 0:14:13]} 22. Nd4 {[%clk 0:15:38]} Qd7 {[%clk 0:11:13]} 23. N4b5
{[%clk 0:15:42]} fxe5 {[%clk 0:11:03]} 24. fxe5 {[%clk 0:11:52]} Bxe5
{[%clk 0:10:59]} 25. Nxb7 {[%clk 0:11:26]} Bf4 {[%clk 0:09:33]} 26. Qc2
{[%clk 0:11:25]} Be3+ {[%clk 0:09:41]} 27. Kh1 {[%clk 0:11:05]} Qxb7
{[%clk 0:09:49]} 28. Qc6 {[%clk 0:10:28]} Bxc1 {[%clk 0:09:44]} 29. Qxe6+
{[%clk 0:10:21]} Qf7 {[%clk 0:09:53]} 30. Qxf7+ {[%clk 0:10:25]} Rxf7
{[%clk 0:09:31]} 31. Rxc1 {[%clk 0:10:33]} Rf2 {[%clk 0:09:31]} 32. Nd4
{[%clk 0:09:48]} Re8 {[%clk 0:08:59]} 33. Bf3 {[%clk 0:09:48]} Nf6
{[%clk 0:08:50]} 34. Rc2 {[%clk 0:09:18]} Re1# {[%clk 0:08:57]} 35. g5 0-1